[Event "Copenhagen Aruna"]
[Site "Copenhagen"]
[Date "1997.??.??"]
[Round "6"]
[White "Hjartarson, Johann"]
[Black "Fuglsang, Flemming"]
[Result "1-0"]
[WhiteElo "2585"]
[BlackElo "2275"]
[PlyCount "81"]
[EventDate "1997.04.02"]
[EventType "tourn"]
[EventRounds "9"]
[EventCountry "DEN"]
[EventCategory "10"]
[SourceTitle "SE base"]
[Source "ABZ"]
[SourceDate "2005.05.09"]
[SourceVersion "1"]
[SourceVersionDate "2005.05.09"]
[SourceQuality "1"]

1. d4 Nf6 2. c4 e6 3. Nc3 d5 4. Nf3 c5 5. cxd5 exd5 6. g3 Nc6 7. Bg2 Be7 8. O-O
O-O 9. Bg5 cxd4 10. Nxd4 h6 11. Be3 Re8 12. Qb3 Na5 13. Qc2 Nc4 14. Bc1 Nb6 15.
b3 Bg4 16. Bb2 Qd7 17. Rfd1 Rac8 18. Qd3 Bc5 19. a4 a5 20. Rac1 Bh3 21. Bh1 Ng4
22. Ncb5 Qe7 23. Bg2 Bxg2 24. Kxg2 Qf6 25. Qf3 Qg6 26. h3 Nf6 27. e3 Ne4 28.
Qf5 Bb4 29. Nc7 Red8 30. Qxg6 fxg6 31. Nce6 Re8 32. Rxc8 Rxc8 33. Rc1 Rxc1 34.
Bxc1 Be1 35. f3 Bd2 36. Bxd2 Nxd2 37. Nd8 Nxb3 38. Nxb3 Nc4 39. Nxb7 Nxe3+ 40.
Kg1 Kf7 41. N7xa5 1-0

[Event "Copenhagen Aruna"]
[Site "Copenhagen"]
[Date "1997.05.02"]
[Round "1"]
[White "Hjartarson, Johann"]
[Black "Keitlinghaus, Ludger"]
[Result "1-0"]
[WhiteElo "2585"]
[BlackElo "2515"]
[PlyCount "109"]
[EventDate "1997.04.02"]
[EventType "tourn"]
[EventRounds "9"]
[EventCountry "DEN"]
[EventCategory "10"]
[SourceTitle "SE base"]
[Source "ABZ"]
[SourceDate "2005.05.09"]
[SourceVersion "1"]
[SourceVersionDate "2005.05.09"]
[SourceQuality "1"]

1. e4 e5 2. Nf3 Nc6 3. d4 exd4 4. Nxd4 Nge7 5. Nc3 Nxd4 6. Qxd4 Nc6 7. Qd2 Bb4
8. a3 Ba5 9. b4 Bb6 10. Nd5 O-O 11. Bb2 Re8 12. O-O-O d6 13. f3 Be6 14. Kb1
Bxd5 15. Qxd5 a5 16. b5 Ne7 17. Qd2 Ng6 18. h4 Ne5 19. h5 h6 20. Rh3 Kf8 21. g4
d5 22. exd5 f6 23. Qg2 Qd7 24. Be2 Be3 25. a4 Kg8 26. Ba3 Rad8 27. Qf1 b6 28.
Rh1 Kh8 29. Qe1 Nf7 30. Qc3 Bc5 31. Bxc5 Rxe2 32. Ba3 Rde8 33. Rhf1 Nd6 34. Rd3
Rg2 35. Re1 Rxe1+ 36. Qxe1 Nc4 37. Qe6 Qxe6 38. dxe6 Re2 39. Rd8+ Kh7 40. Bf8
Rxe6 41. Rd7 Kg8 42. Rxc7 Ne5 43. Rc8 Nxf3 44. Ba3+ Kh7 45. Rc6 Re4 46. Rxb6
Rxa4 47. Bb2 Rxg4 48. Bc3 Ne5 49. Bxe5 fxe5 50. c3 Rg5 51. Re6 Rxh5 52. b6 e4
53. c4 Rc5 54. b7 Rxc4 55. Rb6 1-0

[Event "Copenhagen Aruna"]
[Site "Copenhagen"]
[Date "1997.??.??"]
[Round "3"]
[White "Hjartarson, Johann"]
[Black "Hansen, Sune Berg"]
[Result "1-0"]
[WhiteElo "2585"]
[BlackElo "2505"]
[PlyCount "112"]
[EventDate "1997.04.02"]
[EventType "tourn"]
[EventRounds "9"]
[EventCountry "DEN"]
[EventCategory "10"]
[SourceTitle "SE base"]
[Source "ABZ"]
[SourceDate "2005.05.09"]
[SourceVersion "1"]
[SourceVersionDate "2005.05.09"]
[SourceQuality "1"]

1. d4 Nf6 2. c4 e6 3. Nf3 b6 4. g3 Ba6 5. b3 Bb4+ 6. Bd2 Be7 7. Nc3 O-O 8. e4
d5 9. cxd5 Bxf1 10. Kxf1 exd5 11. e5 Ne4 12. Kg2 Qd7 13. Qe2 Nxc3 14. Bxc3 c5
15. Rad1 Nc6 16. Rd2 Qe6 17. Rhd1 Rfd8 18. Ng1 Rac8 19. Nh3 cxd4 20. Bxd4 Qf5
21. Bb2 Qe4+ 22. Qf3 Rc7 23. Qxe4 dxe4 24. Rxd8+ Nxd8 25. Nf4 Kf8 26. Ba3 Rc8
27. Bxe7+ Kxe7 28. Rd4 g5 29. Nd5+ Ke6 30. Nb4 Nb7 31. Rxe4 Nc5 32. Re2 a5 33.
Nc2 Nd3 34. Nd4+ Kd5 35. Nf5 Rc1 36. Rd2 Rc3 37. Ne3+ Ke4 38. Nd1 Rc2 39. Rxc2
Ne1+ 40. Kh3 Nxc2 41. Kg4 h6 42. f4 gxf4 43. gxf4 Nb4 44. Nc3+ Kd4 45. Nb5+ Kc5
46. a4 Nd5 47. Kf5 Kb4 48. Ke4 Ne7 49. Nd4 h5 50. f5 Kc3 51. f6 Ng6 52. e6 fxe6
53. f7 Nf8 54. Ke5 Nd7+ 55. Kxe6 Nf8+ 56. Ke7 Nh7 1-0

[Event "Copenhagen Aruna"]
[Site "Copenhagen"]
[Date "1997.05.10"]
[Round "8"]
[White "Hjartarson, Johann"]
[Black "Danielsen, Henrik"]
[Result "1/2-1/2"]
[WhiteElo "2585"]
[BlackElo "2490"]
[PlyCount "22"]
[EventDate "1997.04.02"]
[EventType "tourn"]
[EventRounds "9"]
[EventCountry "DEN"]
[EventCategory "10"]
[SourceTitle "SE base"]
[Source "ABZ"]
[SourceDate "2005.05.09"]
[SourceVersion "1"]
[SourceVersionDate "2005.05.09"]
[SourceQuality "1"]

1. e4 c6 2. d4 d5 3. Nd2 dxe4 4. Nxe4 Bf5 5. Ng3 Bg6 6. Nf3 Nd7 7. Bd3 Bxd3 8.
Qxd3 e6 9. O-O Ngf6 10. c4 Be7 11. b3 O-O 1/2-1/2

[Event "Copenhagen Aruna"]
[Site "Copenhagen"]
[Date "1997.05.06"]
[Round "5"]
[White "Hjartarson, Johann"]
[Black "Mortensen, Erling"]
[Result "1-0"]
[WhiteElo "2585"]
[BlackElo "2450"]
[PlyCount "87"]
[EventDate "1997.04.02"]
[EventType "tourn"]
[EventRounds "9"]
[EventCountry "DEN"]
[EventCategory "10"]
[SourceTitle "SE base"]
[Source "ABZ"]
[SourceDate "2005.05.09"]
[SourceVersion "1"]
[SourceVersionDate "2005.05.09"]
[SourceQuality "1"]

1. e4 c5 2. Nc3 Nc6 3. g3 g6 4. Bg2 Bg7 5. d3 d6 6. Be3 e5 7. Qd2 Nge7 8. Nge2
Nd4 9. O-O O-O 10. f4 Nxe2+ 11. Qxe2 exf4 12. Bxf4 Nc6 13. Kh1 h6 14. Qd2 Kh7
15. Be3 Be6 16. Rf4 g5 17. Rff1 Ne5 18. Rae1 Kh8 19. Bg1 Qd7 20. b3 b5 21. d4
cxd4 22. Bxd4 Rac8 23. Nd1 Ng4 24. c3 a6 25. h3 Ne5 26. Kh2 f5 27. exf5 Bxf5
28. Ne3 Be6 29. Nd5 Rce8 30. Qd1 g4 31. Nf4 Bf5 32. Bxe5 Bxe5 33. hxg4 Bh7 34.
Rxe5 Rxe5 35. Ng6+ Bxg6 36. Rxf8+ Kg7 37. Rb8 Be4 38. Bxe4 Rxe4 39. Qd5 Qe6 40.
Qb7+ Qe7 41. Kh3 Kf6 42. Qc8 Kg6 43. Qh8 Rxg4 44. Qg8+ 1-0

[Event "Copenhagen Aruna"]
[Site "Copenhagen"]
[Date "1997.05.09"]
[Round "7"]
[White "Keitlinghaus, Ludger"]
[Black "Petursson, Margeir"]
[Result "1/2-1/2"]
[WhiteElo "2515"]
[BlackElo "2565"]
[PlyCount "24"]
[EventDate "1997.04.02"]
[EventType "tourn"]
[EventRounds "9"]
[EventCountry "DEN"]
[EventCategory "10"]
[SourceTitle "SE base"]
[Source "ABZ"]
[SourceDate "2005.05.09"]
[SourceVersion "1"]
[SourceVersionDate "2005.05.09"]
[SourceQuality "1"]

1. e4 c5 2. c3 d5 3. exd5 Qxd5 4. d4 Nf6 5. Nf3 Bg4 6. Be2 e6 7. h3 Bh5 8. O-O
Nc6 9. Be3 cxd4 10. Nxd4 Bxe2 11. Qxe2 Nxd4 12. Bxd4 Be7 1/2-1/2

[Event "Copenhagen Aruna"]
[Site "Copenhagen"]
[Date "1997.05.03"]
[Round "2"]
[White "Keitlinghaus, Ludger"]
[Black "Fuglsang, Flemming"]
[Result "1-0"]
[WhiteElo "2515"]
[BlackElo "2275"]
[PlyCount "78"]
[EventDate "1997.04.02"]
[EventType "tourn"]
[EventRounds "9"]
[EventCountry "DEN"]
[EventCategory "10"]
[SourceTitle "SE base"]
[Source "ABZ"]
[SourceDate "2005.05.09"]
[SourceVersion "1"]
[SourceVersionDate "2005.05.09"]
[SourceQuality "1"]

1. e4 c5 2. c3 e6 3. d4 d5 4. e5 Nc6 5. Nf3 Qb6 6. a3 c4 7. Nbd2 f6 8. Be2 fxe5
9. Nxe5 Nxe5 10. dxe5 Bc5 11. O-O Qc7 12. b3 cxb3 13. c4 Bd4 14. Rb1 b2 15.
cxd5 Bxe5 16. Bxb2 Bxb2 17. Rxb2 exd5 18. Re1 Kf8 19. Bf3 Nf6 20. Nb3 Qf7 21.
Qd4 Kg8 22. Rbe2 h6 23. Re8+ Kh7 24. Qd3+ Ne4 25. R8xe4 Bf5 26. Rf4 Rhe8 27.
Ra1 Re5 28. Nd4 Rae8 29. Qd2 Qf6 30. Rf1 g6 31. g4 Qg5 32. h4 Qxh4 33. gxf5
Qg5+ 34. Kh2 Re4 35. fxg6+ Kg8 36. Rxe4 Qxd2 37. Rxe8+ Kg7 38. Re7+ Kf6 39.
Re6+ Kg7 1-0

[Event "Copenhagen Aruna"]
[Site "Copenhagen"]
[Date "1997.05.05"]
[Round "4"]
[White "Keitlinghaus, Ludger"]
[Black "Danielsen, Henrik"]
[Result "1/2-1/2"]
[WhiteElo "2515"]
[BlackElo "2490"]
[PlyCount "88"]
[EventDate "1997.04.02"]
[EventType "tourn"]
[EventRounds "9"]
[EventCountry "DEN"]
[EventCategory "10"]
[SourceTitle "SE base"]
[Source "ABZ"]
[SourceDate "2005.05.09"]
[SourceVersion "1"]
[SourceVersionDate "2005.05.09"]
[SourceQuality "1"]

1. e4 c6 2. d4 d5 3. exd5 cxd5 4. Bd3 Nc6 5. c3 Qc7 6. h3 g6 7. Ne2 Bf5 8. Bxf5
gxf5 9. Bf4 Qd7 10. Na3 Nf6 11. Nb5 Rc8 12. a4 a6 13. Na3 e6 14. Nc2 Bd6 15.
O-O Ne7 16. Bxd6 Qxd6 17. Ne1 Ng6 18. Nd3 Rg8 19. Kh1 Ne4 20. f3 Ng3+ 21. Nxg3
Qxg3 22. Qe1 Qg5 23. Rf2 Nf4 24. Nxf4 Qxf4 25. Re2 Kd7 26. b3 Rc6 27. c4 dxc4
28. bxc4 Rxc4 29. d5 Rgc8 30. Rd1 e5 31. Rb2 Rc1 32. Rxb7+ Kd6 33. Rb6+ Kd7 34.
Rb7+ Kd6 35. Rb6+ Kd7 36. Rb1 Rxb1 37. Rxb1 Rc2 38. Rd1 e4 39. fxe4 fxe4 40.
Qb4 Rc1 41. Rg1 Rxg1+ 42. Kxg1 Qe3+ 43. Kh2 Qf4+ 44. Kg1 Qe3+ 1/2-1/2

[Event "Copenhagen Aruna"]
[Site "Copenhagen"]
[Date "1997.??.??"]
[Round "8"]
[White "Mortensen, Erling"]
[Black "Petursson, Margeir"]
[Result "1-0"]
[WhiteElo "2450"]
[BlackElo "2565"]
[PlyCount "97"]
[EventDate "1997.04.02"]
[EventType "tourn"]
[EventRounds "9"]
[EventCountry "DEN"]
[EventCategory "10"]
[SourceTitle "SE base"]
[Source "ABZ"]
[SourceDate "2005.05.09"]
[SourceVersion "1"]
[SourceVersionDate "2005.05.09"]
[SourceQuality "1"]

1. e4 c5 2. Nf3 Nc6 3. Bb5 d6 4. O-O Bd7 5. Re1 Nf6 6. c3 a6 7. Bf1 Bg4 8. d4
e6 9. d5 Ne5 10. dxe6 fxe6 11. Nbd2 Be7 12. h3 Bh5 13. g4 Nxf3+ 14. Nxf3 Bg6
15. e5 Ne4 16. exd6 Bxd6 17. Bg5 Qd7 18. Bd3 Nxg5 19. Bxg6+ hxg6 20. Nxg5 O-O-O
21. Qe2 e5 22. Kg2 Be7 23. Ne4 Qd3 24. Qxd3 Rxd3 25. Re3 Rxe3 26. fxe3 Kd7 27.
c4 Ke6 28. a4 Rb8 29. Ra3 b5 30. Rb3 b4 31. Rd3 b3 32. Nd2 Rb4 33. Kf3 Rxa4 34.
Rxb3 Rb4 35. Rxb4 cxb4 36. Nb3 Kd6 37. Ke4 Bd8 38. Nc1 a5 39. b3 Bh4 40. Nd3
Bf6 41. Nb2 Bh4 42. Nd3 Bf6 43. h4 Bxh4 44. Nxe5 Bf6 45. Nxg6 Kc5 46. Kd3 Kb6
47. e4 Ba1 48. e5 Kc6 49. e6 1-0

[Event "Copenhagen Aruna"]
[Site "Copenhagen"]
[Date "1997.??.??"]
[Round "4"]
[White "Mortensen, Erling"]
[Black "Sokolovs, Andrei"]
[Result "1-0"]
[WhiteElo "2450"]
[BlackElo "2480"]
[PlyCount "131"]
[EventDate "1997.04.02"]
[EventType "tourn"]
[EventRounds "9"]
[EventCountry "DEN"]
[EventCategory "10"]
[SourceTitle "SE base"]
[Source "ABZ"]
[SourceDate "2005.05.09"]
[SourceVersion "1"]
[SourceVersionDate "2005.05.09"]
[SourceQuality "1"]

1. e4 g6 2. d4 Bg7 3. Nc3 d6 4. f4 Nf6 5. Nf3 O-O 6. Be2 c5 7. dxc5 Qa5 8. O-O
Qxc5+ 9. Kh1 Nc6 10. Bd3 Bg4 11. Qe1 Rac8 12. Be3 Qa5 13. Nd2 Bd7 14. Nb3 Qd8
15. a4 Be6 16. Nd4 Nxd4 17. Bxd4 a6 18. f5 Bc4 19. a5 Nd7 20. Bxg7 Kxg7 21. Qe2
Bxd3 22. cxd3 e6 23. Qg4 Nf6 24. Qh3 exf5 25. exf5 d5 26. Qh4 Qd6 27. Rf3 Rce8
28. Raf1 Qe5 29. d4 Qd6 30. Rh3 h5 31. Qg5 Ng4 32. Rxh5 Rh8 33. fxg6 f6 34.
Qxg4 Rxh5 35. h3 Rg5 36. Qf3 Qe6 37. Rf2 Rxg6 38. Nxd5 Qd6 39. Ne3 Kf7 40.
Qxb7+ Re7 41. Nf5 Qd7 42. Qxa6 Re1+ 43. Kh2 Qc7+ 44. g3 Re3 45. Qd6 Qxd6 46.
Nxd6+ Ke6 47. Nf5 Rb3 48. d5+ Kd7 49. Re2 Rg8 50. a6 Ra8 51. a7 Kc7 52. h4 Rxa7
53. Re7+ Kb6 54. Rxa7 Kxa7 55. Kh3 Kb6 56. Kg4 Kc5 57. d6 Kd5 58. Kh5 Rxb2 59.
Kg6 Ke6 60. h5 Rf2 61. Ng7+ Kxd6 62. h6 Ra2 63. Kxf6 Kd7 64. Nf5 Ra6+ 65. Kf7
Ra5 66. g4 1-0

[Event "Copenhagen Aruna"]
[Site "Copenhagen"]
[Date "1997.05.03"]
[Round "2"]
[White "Mortensen, Erling"]
[Black "Danielsen, Henrik"]
[Result "0-1"]
[WhiteElo "2450"]
[BlackElo "2490"]
[PlyCount "80"]
[EventDate "1997.04.02"]
[EventType "tourn"]
[EventRounds "9"]
[EventCountry "DEN"]
[EventCategory "10"]
[SourceTitle "SE base"]
[Source "ABZ"]
[SourceDate "2005.05.09"]
[SourceVersion "1"]
[SourceVersionDate "2005.05.09"]
[SourceQuality "1"]

1. e4 c6 2. Nc3 d5 3. Nf3 Bg4 4. h3 Bxf3 5. Qxf3 e6 6. d3 Nf6 7. Bd2 Nbd7 8. g4
Bc5 9. g5 Ng8 10. h4 Ne7 11. Qg3 Bd4 12. O-O-O Qb6 13. f4 Nc5 14. Qf3 O-O-O 15.
Bh3 Rd7 16. exd5 Nxd5 17. f5 Nxc3 18. Bxc3 Bxc3 19. bxc3 Qa5 20. fxe6 fxe6 21.
d4 Qa3+ 22. Kd2 Rxd4+ 23. Ke2 Re4+ 24. Kf2 Qxa2 25. Rd2 Qa4 26. Kg3 Re5 27. Re2
Rxe2 28. Qxe2 Qe4 29. Qxe4 Nxe4+ 30. Kf4 Nc5 31. Ke5 Kd7 32. Kd4 Kd6 33. Rf1
e5+ 34. Kc4 b5+ 35. Kb4 a5+ 36. Ka3 Re8 37. h5 Ne4 38. h6 g6 39. Kb2 Nxg5 40.
Rf6+ Ke7 0-1

[Event "Copenhagen Aruna"]
[Site "Copenhagen"]
[Date "1997.05.08"]
[Round "6"]
[White "Mortensen, Erling"]
[Black "Keitlinghaus, Ludger"]
[Result "1/2-1/2"]
[WhiteElo "2450"]
[BlackElo "2515"]
[PlyCount "118"]
[EventDate "1997.04.02"]
[EventType "tourn"]
[EventRounds "9"]
[EventCountry "DEN"]
[EventCategory "10"]
[SourceTitle "SE base"]
[Source "ABZ"]
[SourceDate "2005.05.09"]
[SourceVersion "1"]
[SourceVersionDate "2005.05.09"]
[SourceQuality "1"]

1. e4 e5 2. Nf3 Nc6 3. Bb5 a6 4. Ba4 Nge7 5. O-O g6 6. c3 Bg7 7. d4 b5 8. Bb3
exd4 9. cxd4 O-O 10. Nc3 d6 11. Nd5 h6 12. Be3 Na5 13. Nf4 Bb7 14. Bc2 Nc4 15.
Bc1 Re8 16. b3 Nb6 17. Be3 Nc6 18. Qd2 a5 19. Nd3 Kh7 20. Rad1 Nb4 21. Nxb4
axb4 22. d5 Rxa2 23. Qd3 c5 24. dxc6 Bxc6 25. Bb1 Ra6 26. Qxd6 Qxd6 27. Rxd6
Nc8 28. Rd2 Bxe4 29. Bc5 Bxb1 30. Rxb1 Bc3 31. Rd7 Rc6 32. Be3 Re7 33. Rd5 Nd6
34. g4 Re4 35. h3 Bf6 36. Rbd1 Ne8 37. Rxb5 Rc7 38. Nd2 Rd7 39. Nxe4 Rxd1+ 40.
Kg2 Bc3 41. Rb7 Kg7 42. Bc5 g5 43. Bxb4 Bxb4 44. Rxb4 Nf6 45. Nxf6 Kxf6 46. Re4
Rb1 47. Re3 Kg6 48. Kf3 Rb2 49. Kg3 h5 50. gxh5+ Kxh5 51. f4 f6 52. Kf3 Kh4 53.
Ke4 g4 54. hxg4 Kxg4 55. Re1 Rxb3 56. Rg1+ Rg3 57. Rxg3+ Kxg3 58. Kf5 Kf3 59.
Kxf6 Kxf4 1/2-1/2

[Event "Copenhagen Aruna"]
[Site "Copenhagen"]
[Date "1997.05.11"]
[Round "9"]
[White "Petursson, Margeir"]
[Black "Hansen, Sune Berg"]
[Result "1/2-1/2"]
[WhiteElo "2565"]
[BlackElo "2505"]
[PlyCount "134"]
[EventDate "1997.04.02"]
[EventType "tourn"]
[EventRounds "9"]
[EventCountry "DEN"]
[EventCategory "10"]
[SourceTitle "SE base"]
[Source "ABZ"]
[SourceDate "2005.05.09"]
[SourceVersion "1"]
[SourceVersionDate "2005.05.09"]
[SourceQuality "1"]

1. c4 Nf6 2. Nc3 c5 3. Nf3 e6 4. g3 b6 5. Bg2 Bb7 6. O-O d6 7. b3 Be7 8. d4
cxd4 9. Qxd4 a6 10. Ba3 Nc6 11. Qd2 Qc7 12. Rac1 Na7 13. Rfd1 Rd8 14. Qe3 O-O
15. Bb2 Rfe8 16. h3 h6 17. g4 Nc8 18. Kh1 Qc5 19. Nd4 Bxg2+ 20. Kxg2 Qc7 21. f4
Qb7+ 22. Qf3 Qxf3+ 23. Kxf3 Na7 24. e3 Nd7 25. Rc2 Rc8 26. Rdc1 Rc7 27. Ke2 Nc5
28. b4 Nd7 29. Ne4 Rec8 30. a3 g6 31. Kd3 Kh7 32. h4 e5 33. Ne2 f5 34. gxf5
gxf5 35. N4g3 Rf8 36. e4 fxe4+ 37. Kxe4 Nc6 38. Nf5 Nf6+ 39. Kd3 Ng4 40. Nxe7
Rxe7 41. b5 Na5 42. fxe5 dxe5 43. bxa6 Nb3 44. Rg1 Nc5+ 45. Kd2 Ne4+ 46. Kd3
Ngf2+ 47. Ke3 Ref7 48. Nc3 Rf3+ 49. Ke2 Nh3 50. Rg2 Ng3+ 51. Kd1 Nf4 52. Rgf2
Rd8+ 53. Rcd2 Rfd3 54. a7 Ra8 55. Rxd3 Nxd3 56. Rf7+ Kg6 57. Rf3 Nxb2+ 58. Kc2
Nf5 59. Kxb2 Rxa7 60. Ne4 h5 61. Rf2 Rd7 62. Rg2+ Kh6 63. Rg5 Ne3 64. Kc3 Nxc4
65. Nf6 Rd4 66. Ng8+ Kh7 67. Nf6+ Kh6 1/2-1/2

[Event "Copenhagen Aruna"]
[Site "Copenhagen"]
[Date "1997.05.03"]
[Round "2"]
[White "Petursson, Margeir"]
[Black "Hjartarson, Johann"]
[Result "1/2-1/2"]
[WhiteElo "2565"]
[BlackElo "2585"]
[PlyCount "29"]
[EventDate "1997.04.02"]
[EventType "tourn"]
[EventRounds "9"]
[EventCountry "DEN"]
[EventCategory "10"]
[SourceTitle "SE base"]
[Source "ABZ"]
[SourceDate "2005.05.09"]
[SourceVersion "1"]
[SourceVersionDate "2005.05.09"]
[SourceQuality "1"]

1. d4 Nf6 2. c4 e6 3. Nf3 b6 4. g3 Ba6 5. b3 Bb7 6. Bg2 Bb4+ 7. Bd2 c5 8. O-O
O-O 9. dxc5 Bxc5 10. Nc3 Ne4 11. Nxe4 Bxe4 12. Bc3 d5 13. cxd5 Bxd5 14. Ne5
Bxg2 15. Kxg2 1/2-1/2

[Event "Copenhagen Aruna"]
[Site "Copenhagen"]
[Date "1997.05.05"]
[Round "4"]
[White "Petursson, Margeir"]
[Black "Aagaard, Jacob"]
[Result "1/2-1/2"]
[WhiteElo "2565"]
[BlackElo "2440"]
[PlyCount "42"]
[EventDate "1997.04.02"]
[EventType "tourn"]
[EventRounds "9"]
[EventCountry "DEN"]
[EventCategory "10"]
[SourceTitle "SE base"]
[Source "ABZ"]
[SourceDate "2005.05.09"]
[SourceVersion "1"]
[SourceVersionDate "2005.05.09"]
[SourceQuality "1"]

1. c4 Nf6 2. Nc3 c5 3. Nf3 e6 4. e3 d5 5. cxd5 exd5 6. d4 Nc6 7. Be2 cxd4 8.
Nxd4 Bc5 9. O-O O-O 10. Nxc6 bxc6 11. b3 Re8 12. Bb2 Bd6 13. Rc1 h5 14. Bxh5
Nxh5 15. Qxh5 Re6 16. f4 Rxe3 17. Nd1 Re4 18. Rxc6 Rxf4 19. Ne3 Qe8 20. Re1
Qxc6 21. Bxg7 Kxg7 1/2-1/2

[Event "Copenhagen Aruna"]
[Site "Copenhagen"]
[Date "1997.05.11"]
[Round "9"]
[White "Sokolovs, Andrei"]
[Black "Hjartarson, Johann"]
[Result "1/2-1/2"]
[WhiteElo "2480"]
[BlackElo "2585"]
[PlyCount "80"]
[EventDate "1997.04.02"]
[EventType "tourn"]
[EventRounds "9"]
[EventCountry "DEN"]
[EventCategory "10"]
[SourceTitle "SE base"]
[Source "ABZ"]
[SourceDate "2005.05.09"]
[SourceVersion "1"]
[SourceVersionDate "2005.05.09"]
[SourceQuality "1"]

1. d4 Nf6 2. Nf3 e6 3. c4 b6 4. Nc3 Bb4 5. Bg5 Bb7 6. e3 h6 7. Bh4 Bxc3+ 8.
bxc3 d6 9. Nd2 g5 10. Bg3 Qe7 11. h4 Rg8 12. hxg5 hxg5 13. Qc2 Nc6 14. Nb3
O-O-O 15. O-O-O Rh8 16. Be2 Kb8 17. Kb2 Ka8 18. f3 Nh5 19. Bf2 f5 20. d5 Ne5
21. Nd4 Ng7 22. dxe6 Nxe6 23. Nxf5 Qf7 24. Rxh8 Rxh8 25. Bg3 Nc6 26. e4 Na5 27.
Ne3 Nf4 28. Bf1 Ba6 29. e5 dxe5 30. Qe4+ Kb8 31. Qxe5 Rg8 32. Qf5 Qxf5 33. Nxf5
Bxc4 34. Ne7 Re8 35. Nc6+ Nxc6 36. Bxc4 Nxg2 37. Bb5 Kb7 38. Rd7 Nf4 39. Bxf4
gxf4 40. Rf7 Re5 1/2-1/2

[Event "Copenhagen Aruna"]
[Site "Copenhagen"]
[Date "1997.05.09"]
[Round "7"]
[White "Sokolovs, Andrei"]
[Black "Hansen, Sune Berg"]
[Result "1/2-1/2"]
[WhiteElo "2480"]
[BlackElo "2505"]
[PlyCount "87"]
[EventDate "1997.04.02"]
[EventType "tourn"]
[EventRounds "9"]
[EventCountry "DEN"]
[EventCategory "10"]
[SourceTitle "SE base"]
[Source "ABZ"]
[SourceDate "2005.05.09"]
[SourceVersion "1"]
[SourceVersionDate "2005.05.09"]
[SourceQuality "1"]

1. Nf3 Nf6 2. g3 b6 3. Bg2 Bb7 4. O-O e6 5. d3 d5 6. Nbd2 Be7 7. e4 c5 8. Re1
Nc6 9. c3 Qc7 10. Qc2 O-O-O 11. a3 h6 12. b4 c4 13. e5 cxd3 14. Qxd3 Nd7 15.
Qe2 g5 16. Nb3 Nf8 17. b5 Nb8 18. Nfd4 Ng6 19. Bb2 Qc4 20. Qc2 Nd7 21. Bf1 Qa4
22. c4 Nc5 23. Rac1 Rd7 24. cxd5 Bxd5 25. Nxc5 Qxc2 26. Nxd7 Qxc1 27. Nxb6+
axb6 28. Rxc1+ Kb7 29. Bg2 Bxg2 30. Kxg2 Ra8 31. Nc6 Bc5 32. Rd1 Kc7 33. Rd3 g4
34. Bc1 h5 35. Bg5 Rxa3 36. Bd8+ Kc8 37. Rxa3 Bxa3 38. Bxb6 Bb2 39. f4 gxf3+
40. Kxf3 Nxe5+ 41. Nxe5 Bxe5 42. h3 f5 43. g4 hxg4+ 44. hxg4 1/2-1/2

[Event "Copenhagen Aruna"]
[Site "Copenhagen"]
[Date "1997.??.??"]
[Round "2"]
[White "Sokolovs, Andrei"]
[Black "Aagaard, Jacob"]
[Result "1/2-1/2"]
[WhiteElo "2480"]
[BlackElo "2440"]
[PlyCount "75"]
[EventDate "1997.04.02"]
[EventType "tourn"]
[EventRounds "9"]
[EventCountry "DEN"]
[EventCategory "10"]
[SourceTitle "SE base"]
[Source "ABZ"]
[SourceDate "2005.05.09"]
[SourceVersion "1"]
[SourceVersionDate "2005.05.09"]
[SourceQuality "1"]

1. d4 e6 2. e4 d5 3. Nd2 dxe4 4. Nxe4 Bd7 5. Nf3 Bc6 6. Bd3 Nd7 7. O-O Ngf6 8.
Ned2 Bxf3 9. Qxf3 c6 10. Re1 Be7 11. Nc4 O-O 12. c3 Nd5 13. Qh3 g6 14. Bh6 Re8
15. Qg3 Bf8 16. Bxf8 Rxf8 17. Rad1 Qc7 18. Qxc7 Nxc7 19. Na5 Rab8 20. Be4 Rfc8
21. c4 Ne8 22. d5 cxd5 23. cxd5 exd5 24. Bxd5 Nef6 25. Bf3 Rc2 26. g4 g5 27. h4
h6 28. Re7 Nf8 29. hxg5 hxg5 30. Re5 Ne6 31. Rf5 Kg7 32. Nxb7 Rxb2 33. Nc5 R8b5
34. Nxe6+ fxe6 35. Rxb5 Rxb5 36. Rc1 Ra5 37. Rc7+ Kg6 38. Re7 1/2-1/2